[Event "Southern California op 33rd"]
[Site "San Diego"]
[Date "2011.09.05"]
[Round "6"]
[White "Cunningham, Allen Boyd"]
[Black "Keshishian, Gemin"]
[Result "0-1"]
[WhiteElo "1745"]
[BlackElo "1756"]
[PlyCount "52"]
[EventDate "2011.09.03"]
[EventType "swiss"]
[EventRounds "6"]
[EventCountry "USA"]
[SourceTitle "EXT 2013"]
[Source "ChessBase"]
[SourceDate "2012.11.22"]
[SourceVersion "1"]
[SourceVersionDate "2012.11.22"]
[SourceQuality "1"]

1. e4 c5 2. Nc3 Nc6 3. Bb5 e5 4. Bxc6 bxc6 5. d3 Bd6 6. Nf3 Ne7 7. 0-0 0-0 8. b3 Ng6 9. Ba3 Be7 10. Ne2 d6 11. Re1 f5 12. exf5 Bxf5 13. Kh1 Bg4 14. Neg1 Nh4 15. Qe2 Bg5 16. Bc1 Bxf3 17. Nxf3 Nxf3 18. gxf3 Bxc1 19. Raxc1 Qf6 20. Kg2 Qg5+ 21. Kh1 Qf4 22. Rg1 Qxf3+ 23. Qxf3 Rxf3 24. Rg2 Raf8 25. Kg1 Kf7 26. Re1 g6 0-1